<?xml version="1.0" encoding="UTF-8"?>
<collection xmlns="http://www.loc.gov/MARC21/slim">
 <record>
  <leader>01433pam a22003978a 4500</leader>
  <controlfield tag="001">00032945</controlfield>
  <controlfield tag="005">20171026081025.0</controlfield>
  <controlfield tag="008">141227s2011                  ||||||viesd</controlfield>
  <datafield tag="020" ind1="#" ind2="#">
   <subfield code="c">216000</subfield>
  </datafield>
  <datafield tag="041" ind1="0" ind2="#">
   <subfield code="a">vie</subfield>
  </datafield>
  <datafield tag="082" ind1="1" ind2="4">
   <subfield code="a">428</subfield>
   <subfield code="b">T400E</subfield>
  </datafield>
  <datafield tag="100" ind1="1" ind2="#">
   <subfield code="a">Se-yeong, Lee</subfield>
  </datafield>
  <datafield tag="245" ind1="1" ind2="0">
   <subfield code="a">TOEIC speaking</subfield>
   <subfield code="c">Lee Se-yeong; Lê Huy Lâm (chuyển ngữ phần chú giải)</subfield>
  </datafield>
  <datafield tag="260" ind1="#" ind2="#">
   <subfield code="a">T.P. Hồ Chí Minh</subfield>
   <subfield code="b">Tổng hợp T.P. Hồ Chí Minh, Công ty TNHH Nhân Trí Việt</subfield>
   <subfield code="c">2011</subfield>
  </datafield>
  <datafield tag="300" ind1="#" ind2="#">
   <subfield code="a">289 tr.</subfield>
   <subfield code="c">28 cm.</subfield>
   <subfield code="e">1 CD</subfield>
  </datafield>
  <datafield tag="653" ind1="#" ind2="#">
   <subfield code="a">Anh ngữ thực hành</subfield>
  </datafield>
  <datafield tag="653" ind1="#" ind2="#">
   <subfield code="a">Bài tập</subfield>
  </datafield>
  <datafield tag="653" ind1="#" ind2="#">
   <subfield code="a">Tự học</subfield>
  </datafield>
  <datafield tag="653" ind1="#" ind2="#">
   <subfield code="a">Tiếng Anh</subfield>
  </datafield>
  <datafield tag="653" ind1="#" ind2="#">
   <subfield code="a">Kỹ năng nói</subfield>
  </datafield>
  <datafield tag="700" ind1="1" ind2="#">
   <subfield code="a">Lê, Huy Lâm</subfield>
   <subfield code="e">Chuyển ngữ phần chú giải</subfield>
  </datafield>
  <datafield tag="852" ind1="#" ind2="#">
   <subfield code="b">Kho giáo trình</subfield>
   <subfield code="j">KGT.0048505, KGT.0048506, KGT.0048507, KGT.0048508, KGT.0048509, KGT.0048510, KGT.0048511, KGT.0048512, KGT.0048513, KGT.0048514, KGT.0048515</subfield>
  </datafield>
  <datafield tag="852" ind1="#" ind2="#">
   <subfield code="j">KGT.0048505</subfield>
   <subfield code="j">KGT.0048509</subfield>
   <subfield code="j">KGT.0048510</subfield>
   <subfield code="j">KGT.0048512</subfield>
   <subfield code="j">KGT.0048515</subfield>
   <subfield code="j">KD.0016477</subfield>
   <subfield code="j">KGT.0048507</subfield>
   <subfield code="j">KGT.0048506</subfield>
   <subfield code="j">KGT.0048508</subfield>
   <subfield code="j">KGT.0048511</subfield>
   <subfield code="j">KGT.0048513</subfield>
   <subfield code="j">KGT.0048514</subfield>
  </datafield>
  <datafield tag="852" ind1="#" ind2="#">
   <subfield code="b">Kho đọc</subfield>
   <subfield code="j">KD.0016477</subfield>
  </datafield>
  <datafield tag="852" ind1="#" ind2="#">
   <subfield code="b">Kho mượn</subfield>
   <subfield code="j">KGT.0048505</subfield>
  </datafield>
  <datafield tag="910" ind1="#" ind2="#">
   <subfield code="d">27/12/2014</subfield>
  </datafield>
  <datafield tag="980" ind1="#" ind2="#">
   <subfield code="a">Trung tâm Học liệu Lê Vũ Hùng, Trường Đại học Đồng Tháp</subfield>
  </datafield>
 </record>
</collection>
